000 00475nam a22001817a 4500
003 NUST - PNEC
005 20170116181027.0
008 150918b xxu||||| |||| 00| 0 eng d
020 _a9788131725436
040 _cLIBRARY
082 _a621.382 COU
100 _910874
_aCouch, Leon W
245 _aDigital and analog communication systems
_c Leon W Couch,
250 _a7th ed
260 _cc2009.
650 _910875
_aTelecommunication systems
_xME
942 _2ddc
_cBK
999 _c67599
_d67599